|
|
|
|
| LEADER |
03527nam a2200493 4500 |
| 001 |
978-3-319-91530-2 |
| 003 |
DE-He213 |
| 005 |
20191026161731.0 |
| 007 |
cr nn 008mamaa |
| 008 |
180725s2018 gw | s |||| 0|eng d |
| 020 |
|
|
|a 9783319915302
|9 978-3-319-91530-2
|
| 024 |
7 |
|
|a 10.1007/978-3-319-91530-2
|2 doi
|
| 040 |
|
|
|d GrThAP
|
| 050 |
|
4 |
|a HG4501-6051
|
| 072 |
|
7 |
|a KFFM
|2 bicssc
|
| 072 |
|
7 |
|a BUS036000
|2 bisacsh
|
| 072 |
|
7 |
|a KFFM
|2 thema
|
| 082 |
0 |
4 |
|a 332.6
|2 23
|
| 100 |
1 |
|
|a Zaremba, Adam.
|e author.
|4 aut
|4 http://id.loc.gov/vocabulary/relators/aut
|
| 245 |
1 |
0 |
|a Price-Based Investment Strategies
|h [electronic resource] :
|b How Research Discoveries Reinvented Technical Analysis /
|c by Adam Zaremba, Jacob "Koby" Shemer.
|
| 250 |
|
|
|a 1st ed. 2018.
|
| 264 |
|
1 |
|a Cham :
|b Springer International Publishing :
|b Imprint: Palgrave Macmillan,
|c 2018.
|
| 300 |
|
|
|a XXXIII, 302 p. 30 illus.
|b online resource.
|
| 336 |
|
|
|a text
|b txt
|2 rdacontent
|
| 337 |
|
|
|a computer
|b c
|2 rdamedia
|
| 338 |
|
|
|a online resource
|b cr
|2 rdacarrier
|
| 347 |
|
|
|a text file
|b PDF
|2 rda
|
| 505 |
0 |
|
|a 1. Data, Portfolios, and Performance: How We Test the Strategies -- 2. The Trend Is Your Friend: Momentum Investing -- 3. Trees Do Not Grow to the Sky: Reversals in a Stock Market -- 4. No Pain, No Gain? The Puzzle of Risk-Return Relationship -- 5. Are Stocks Lotteries? The Shape of Distribution Matters -- 6. Januaries, Mays, and Lunar Cycles: Stock Selection with Seasonal Anomalies -- 7. Predicting Prices Based on... Prices? The Role of Nominal Prices -- 8. To Time or Not to Time? Tactical Allocation across Strategies -- 9. Conclusions.
|
| 520 |
|
|
|a This compelling book examines the price-based revolution in investing, showing how research over recent decades has reinvented technical analysis. The authors discuss the major groups of price-based strategies, considering their theoretical motivation, individual and combined implementation, and back-tested results when applied to investment across country stock markets. Containing a comprehensive sample of performance data, taken from 24 major developed markets around the world and ranging over the last 25 years, the authors construct practical portfolios and display their performance-ensuring the book is not only academically rigorous, but practically applicable too. This is a highly useful volume that will be of relevance to researchers and students working in the field of price-based investing, as well as individual investors, fund pickers, market analysts, fund managers, pension fund consultants, hedge fund portfolio managers, endowment chief investment officers, futures traders, and family office investors.
|
| 650 |
|
0 |
|a Investment banking.
|
| 650 |
|
0 |
|a Securities.
|
| 650 |
|
0 |
|a Personal finance.
|
| 650 |
|
0 |
|a Pension plans.
|
| 650 |
1 |
4 |
|a Investments and Securities.
|0 http://scigraph.springernature.com/things/product-market-codes/626020
|
| 650 |
2 |
4 |
|a Personal Finance/Wealth Management/Pension Planning.
|0 http://scigraph.springernature.com/things/product-market-codes/622000
|
| 700 |
1 |
|
|a Shemer, Jacob "Koby".
|e author.
|4 aut
|4 http://id.loc.gov/vocabulary/relators/aut
|
| 710 |
2 |
|
|a SpringerLink (Online service)
|
| 773 |
0 |
|
|t Springer eBooks
|
| 776 |
0 |
8 |
|i Printed edition:
|z 9783319915296
|
| 776 |
0 |
8 |
|i Printed edition:
|z 9783319915319
|
| 776 |
0 |
8 |
|i Printed edition:
|z 9783030082673
|
| 856 |
4 |
0 |
|u https://doi.org/10.1007/978-3-319-91530-2
|z Full Text via HEAL-Link
|
| 912 |
|
|
|a ZDB-2-ECF
|
| 950 |
|
|
|a Economics and Finance (Springer-41170)
|